| 000 -LEADER |
| fixed length control field |
01251nam a22000977a 4500 |
| 008 - FIXED-LENGTH DATA ELEMENTS--GENERAL INFORMATION |
| fixed length control field |
160516b xxu||||| |||| 00| 0 eng d |
| 100 ## - MAIN ENTRY--AUTHOR'S NAME |
| Author's Name |
Barefoot, J. |
| 245 ## - TITLE STATEMENT |
| Title |
Austria revenues |
| 260 ## - PUBLICATION, DISTRIBUTION, ETC. (IMPRINT) |
| Place of publication, distribution, etc. |
York, England |
| Name of publisher, distributor, etc. |
J. Barefoot Ltd |
| Date of publication, distribution, etc. |
2002 |
| 650 ## - TOPICAL TERM (Tag) |
| Topical term or geographic name |
Austria | Austro-Hungarian Empire | Austrian Empire | Austria -- Offices in Lombardy-Venetia (1850-1866) | Lombardy-Venetia | Austria -- Bosnia and Herzegovina (1879-1918) | Bosnia | Sarajevo | Austria -- Occupation of Albania | Albania (1913-) | Austria -- Occupation of Montenegro (1917-1918) | Montenegro | Austria -- Occupation of Poland | Russian Related | Austria -- Occupation of Serbia (1914-1916) | Serbia | Austria -- Burgenland | Austria -- Lower Austria | Austria -- Upper Austria | Carinthia (1920-) | Styria | Austria -- Vienna | Salzburg | Steiermark | Tyrol | Vorarlberg | Austria -- Offices in Liechtenstein (1850-1920) | Liechtenstein | Revenues | Cinderella Material | Revenue Cancellations | Consular Fee Issues | Customs Issues | Occupation Issues | World War I, 1914-1918 | Post World War I | Military and War Issues | Post World War II | Municipal Revenues | Regional Revenues | Catalogs and Price Lists | Production | Errors and Varieties | Overprints and Surcharges | Dealer Publications |